English Words of Persian Origin - Statistics

General Stats
  • This quiz has been taken 177 times
  • The average score is 4 of 8
Answer Stats
Definition Word % Correct
Market in a Middle Eastern country Bazaar
95%
Roe of the sturgeon or other large fish, considered a delicacy Caviar
71%
Company of travelers on a journey through desert Caravan
69%
Piece of fabric worn by women over the shoulders Shawl
47%
Round stone fruit with juicy yellow flesh Peach
42%
Decorative jeweled or flowered headband Tiara
42%
Type of headwear based on cloth winding Turban
42%
Dull greenish or brownish-yellow colour Khaki
34%
No matching quizzes found
Score Distribution
Percent of People with Each Score
Percentile by Number Answered
Your Score History
You have not taken this quiz